• 首页
  • 本馆介绍
  • 公告通知
  • 最新文献
  • 馆藏检索
  • 电子资源
  • 读者导购
  • 参考咨询
  • 我的图书馆
  • 登录
  • 详细信息显示
  • 放入我的书架
  • 预约/预借图书
  • 作者相关作品
  • 分类相关作品
  • 丛书相关作品
  • 出版社相关作品

书目信息

  • 表格格式
  • 工作单格式
  • 卡片格式
题名:
宏观比较哲学名著研究评介
    
 
作者: 冯禹 主编
分册:  
出版信息: 北京   中国人民大学出版社  1995.12
页数: 243页
开本: 32开
丛书名:
单 册:
中图分类: B0
科图分类:
主题词: 哲学理论
电子资源:
ISBN: 7-300-02161-1
000 00591nam0 2200193 45
001 0105301559
005 20031219104050.1
010    @a7-300-02161-1@dCNY10.00
100    @a20010530d1995 km y0chiy0120 ea
101 0  @achi
105    @a z 000yy
200 1  @a宏观比较哲学名著研究评介@AHong Guan Bi Jiao Zhe Xue Ming Zhu Yan Jiu Ping Jie@f冯禹,邢东风主编@FFeng Yu,Xing Dong Feng Zhu Bian
210    @a北京@c中国人民大学出版社@d1995.12
215    @a243页@d32开
606 0  @a哲学理论
690    @aB0@v4
701    @a冯禹@4主编
801    @aCN@bTSTC@c20010530
905    @f4@b297846-849@dB0@e138
    
    宏观比较哲学名著研究评介/冯禹,邢东风主编.-北京:中国人民大学出版社,1995.12
    243页;32开
    
    
    ISBN 7-300-02161-1:CNY10.00
    
●
相关链接 在E读中查询图书 在五车中查询图书 在当当中查询图书 在豆瓣中查询图书


正题名:宏观比较哲学名著研究评介     索取号:B0/138         预约/预借

序号 登录号 条形码 馆藏地/架位号 状态 备注
1 0297846   202978466   密集书库/ [索取号:B0/138] 在馆    
2 0297847   202978475   第一借阅区/ [索取号:B0/138] 在馆    
3 0297848   202978484   密集书库/ [索取号:B0/138] 在馆    
4 0297849   202978493   第一样本阅览室/ [索取号:B0/138] 在馆    
唐山师范学院图书馆 欢迎您!
大连网信软件有限公司© 版权所有